|
|
|
|
| LEADER |
00000nab#a22000007a#4500 |
| 001 |
arbauad003831 |
| 003 |
AR-BaUAD |
| 005 |
20250711110611.0 |
| 008 |
940310|||||||||###||||||b###|0###a|spa|| |
| 040 |
|
|
|a AR-BaUAD
|c AR-BaUAD
|b spa
|
| 100 |
|
|
|a Delicado, Javier
|
| 245 |
|
|
|a Ideas :
|b informática /
|c Javier Delicado;
|
| 653 |
|
|
|a COMPUTACION
|
| 653 |
|
|
|a TEORIA
|
| 653 |
|
|
|a DELICADO, JAVIER
|
| 653 |
|
|
|a DISEÑO GRAFICO
|
| 773 |
0 |
|
|t Visual
|g año 5, no. 40 [1993], p. 60-61
|
| 942 |
|
|
|c ARTI
|
| 952 |
|
|
|0 0
|1 0
|4 0
|7 0
|9 48751
|a AR-BAuAD
|b AR-BAuAD
|d 2025-07-11
|l 0
|p AAQA003831
|r 2025-07-11 11:06:11
|w 2025-07-11
|y ARTI
|
| 990 |
|
|
|a DG199
|b TD
|
| 998 |
|
|
|a AAQ
|b BIBUN76
|
| 999 |
|
|
|c 28424
|d 28424
|